| 000 | 01206nac a22003857a 4500 | ||
|---|---|---|---|
| 001 | BR2011002622 | ||
| 003 | BR-BrBNA | ||
| 005 | 20240105123910.0 | ||
| 008 | 230509b bl.|||m| |||| 00| 0 por d | ||
| 040 |
_aBR-BrBNA _bpor _cBiblioteca Nacional de Agricultura |
||
| 072 | _aF50; F70; P10 | ||
| 090 | _aF50 BR2011002622 | ||
| 100 | 1 | _aPasso, D.P. | |
| 100 | 1 | _aCastro, K.B. de | |
| 100 | 1 | _aMartins, E. de S. | |
| 100 | 1 | _aGomes, M.P. | |
| 100 | 1 | _aReatto, A. | |
| 100 | 1 | _aLima, L.A. de S. | |
| 100 | 1 | _aCarvalho Júnior, O.A. | |
| 100 | 1 | _aGomes, R.A.T. | |
| 110 | 1 | _aEMBRAPA Cerrados, Planaltina, DF (Brasil) | |
| 245 | 1 | _aCaracterização geomorfológica do município de São Desidério, BA escala 1:50.000 | |
| 260 | 3 |
_aPlanaltina, DF (Brasil): _c2010. |
|
| 300 | _a29 p. | ||
| 490 |
_aBoletim de Pesquisa e Desenvolvimento - EMBRAPA Cerrados (Brazil) _vno. 283 _xISSN 1676-918X |
||
| 500 | _aSummaries (En, Pt); 5 tables; 12 illus.; 23 ref. | ||
| 650 | _aGEOMORFOLOGIA | ||
| 650 | _aMAPA | ||
| 650 | _aTAXONOMIA | ||
| 650 | _aRELEVO | ||
| 650 | _aBACIA HIDROGRÁFICA | ||
| 650 | _aBAHIA | ||
| 909 |
_a202312 _bLúcia Elande _c55 _dLúcia Elande |
||
| 942 |
_2AGRIS _n0 _cMS |
||
| 999 |
_c297461 _d297461 |
||